Which BFDI character is this? SPEED QUIZ! - Statistics

General Stats
  • This quiz has been taken 104 times
  • The average score is 5 of 5
Answer Stats
Question Answer % Correct
Which is the strongest contestant out of these four? Snowball
100%
Which one of these wasn't a Death P.A.C.T.? Death Pact Again Again
98%
Which of these wasn't a host? Lightning
95%
Which contestant has only legs? TV
95%
Which three made it to the BFB finale? Flower, Gelatin, Teardrop
87%
No matching quizzes found
Score Distribution
Percent of People with Each Score
Percentile by Number Answered
Your Score History
You have not taken this quiz